| 000 | 00365 a2200133 4500 | ||
|---|---|---|---|
| 999 |
_c12351 _d12351 |
||
| 005 | 20240117112054.0 | ||
| 008 | 240117b ||||| |||| 00| 0 eng d | ||
| 020 | _a9780648685890 | ||
| 100 |
_a Scott Woods _d 1953- |
||
| 245 | _a What we talk about when we talk about architecture | ||
| 260 |
_bUro Publications _c2021 |
||
| 700 | _aGhirardo, Diane | ||
| 942 | _2ddc | ||